=LDR 00000nam 2200000 4500 =001 INLIS000000000004924 =005 20130612093205 =008 ***********************************Ind** =035 ##$$0010-061300000004924 =041 ##$$a Ind =082 ##$$a 92(KUNTOSUWIRYO) =090 ##$$a 92(KUNTOSUWIRYO), Aww m =100 ##$$a AWWAS, Irfan S =245 ##$$a Menelusuri perjalanan jihad S.M. Kuntosuwiryo - Proklamator Negara Islam Indonesia / oleh Irfan S. Awwas. -- Cet.1. -- =260 ##$$a 1999 $b Yogyakarta : Wihdah Press =300 ##$$a xxvi, 144 hlm. ; 21 cm =850 ##$$a NBPNMAT